000 00547nam a2200193Ia 4500
005 20250508151300.0
008 008 250505s9999 xx 000 0 eng d
037 _aTextual
040 _aFEDL
_beng
_cFEDL
041 _aeng
_2eng
084 _a372, HAG
_qFEDL
100 _aHagmann J G
_9758771
245 0 _aReform in primary education
260 _aLondon, UK
_bWilliams and Norgate
650 _aElementary Education
700 _a Hoar R H Barker Richmond
_9758772
942 _cTEXL
_h372, HAG
999 _c1328822
_d1328822